भारतीय पत्रकारिता : (Record no. 120065)

MARC details
000 -LEADER
fixed length control field 01171nam a22002657a 4500
005 - DATE AND TIME OF LATEST TRANSACTION
control field 20170124103152.0
010 ## - LIBRARY OF CONGRESS CONTROL NUMBER
LC control number A-818107
020 ## - INTERNATIONAL STANDARD BOOK NUMBER
Terms of availability 100.00
035 ## - SYSTEM CONTROL NUMBER
System control number A-818107
037 ## - SOURCE OF ACQUISITION
Source of stock number/acquisition Cen Lib/Ret
040 ## - CATALOGING SOURCE
Original cataloging agency DPL
Language of cataloging HN
082 ## - DEWEY DECIMAL CLASSIFICATION NUMBER
Classification number 079.54
Item number अनुजा
100 ## - MAIN ENTRY--PERSONAL NAME
Personal name अनुजा, मंगला
9 (RLIN) 88318
245 ## - TITLE STATEMENT
Title भारतीय पत्रकारिता :
Statement of responsibility, etc मंगला अनुजा
Remainder of title नीव के पत्थर /
246 ## - VARYING FORM OF TITLE
Title proper/short title Bhartiya patrakarita : neev ke patthar /
Remainder of title by Mangla Anuja
260 ## - PUBLICATION, DISTRIBUTION, ETC. (IMPRINT)
Place of publication, distribution, etc भोपाल
Name of publisher, distributor, etc मध्यप्रदेश हिन्दी ग्रन्थ अकादमी
Date of publication, distribution, etc 1996
270 ## - ADDRESS
Address
City भोपाल
300 ## - PHYSICAL DESCRIPTION
Extent 322पृ.
Dimensions 21सेमी (सजिल्द)
500 ## - GENERAL NOTE
General note संदर्भ सूची शामिल
650 ## - SUBJECT ADDED ENTRY--TOPICAL TERM
Topical term or geographic name as entry element पत्रकारिता - भारत।
9 (RLIN) 3173
650 ## - SUBJECT ADDED ENTRY--TOPICAL TERM
Topical term or geographic name as entry element पत्रकारिता का उद्भव और संघर्ष
9 (RLIN) 88319
650 ## - SUBJECT ADDED ENTRY--TOPICAL TERM
Topical term or geographic name as entry element Journalism -- India.
9 (RLIN) 35327
650 ## - SUBJECT ADDED ENTRY--TOPICAL TERM
Topical term or geographic name as entry element The emergence of journalism and conflict
9 (RLIN) 88320
942 ## - ADDED ENTRY ELEMENTS (KOHA)
Source of classification or shelving scheme Dewey Decimal Classification
Koha item type Hindi Books
Classification part 079.54
Call number suffix अनुजा
Holdings
Withdrawn status Lost status Damaged status Not for loan Home library Current library Date acquired Source of acquisition Cost, normal purchase price Total Checkouts Full call number Barcode Date last seen Copy number Cost, replacement price Price effective from Koha item type
        Central Library Central Library 21/09/2015 Cen Lib/Ret 100.00   079.54 अनुजा A-818107 21/09/2015 1 100.00 21/09/2015 Hindi Books

© Delhi Public Library
Hit Counter
free hit counter